000 00722nam a2200253Ia 4500
001 22076
005 20260320113340.0
008 260320s9999||||xx |||||||||||||| ||und||
020 _a8432130192
041 _aESP
082 _a370.1
_bL88F
100 _aLópez Quintás, Alfonso,
_eAUT
245 0 _aLa formación por el arte y la literatura
_b
246 _a
_5
_b
260 _aMadrid :
_bEdiciones Rialp,
_c1993
300 _a169 páginas :
_b
_c20 cm.
_e
440 _a
_n
_v
650 _aCIS
653 _aEducación estética
654 _aCED
700 _a
_c
856 _uhttps://0u20jpmw1-y-https-www-jstor-org.itmsp.museknowledge.com/
_zVéase además: Base de datos JSTOR
942 _cLIB
_dJUS
_fMAT
_2ddc
_n
999 _c22076
_d22076